00306cam2a220012100 4500001001200000008004100012035001900053035001900072100002900091245004800120260001000168004000600178zam00003091951128s1973 xx eng u a(Sirsi) r20426 a(MACHINE)MSLC. aGriffin, G. J.6A81789.110aHistory and trends of professional nursing. c1973.20426